All 5-Letter Words Starting with “F” - Statistics

General Stats
  • This quiz has been taken 776 times
    622 since last reset
  • The average score is 177 of 453
Answer Stats
Word % Correct
faces
86%
flips
82%
fades
80%
falls
80%
fours
80%
faced
79%
fills
79%
fires
79%
fails
78%
farms
78%
farts
78%
flops
78%
finds
76%
fines
76%
fives
76%
fakes
75%
fears
75%
flame
75%
flick
75%
facer
74%
facts
74%
fairs
74%
fasts
74%
feels
74%
flows
74%
freed
74%
fares
73%
fates
73%
files
73%
flaps
73%
flash
73%
flock
73%
forms
73%
funny
73%
fader
72%
flats
72%
faded
71%
fames
71%
feeds
71%
fired
71%
flags
71%
fools
71%
forks
71%
forts
71%
frees
71%
flack
70%
frogs
70%
furry
70%
favor
69%
films
69%
fords
69%
frame
69%
fried
69%
fable
68%
faker
68%
fells
68%
finer
68%
first
68%
flies
68%
floor
68%
flute
68%
foggy
68%
fores
68%
f****
67%
fairy
67%
fanny
67%
fatty
67%
fight
67%
flood
67%
foods
67%
fully
67%
filed
66%
fined
66%
fists
66%
fiver
66%
flaws
66%
frost
66%
faked
65%
fends
65%
fewer
65%
filly
65%
fishy
65%
force
65%
fated
64%
fault
64%
feats
64%
flake
64%
flees
64%
foils
64%
foots
64%
fussy
64%
famed
63%
fangs
63%
felts
63%
fleas
63%
float
63%
flown
63%
folds
63%
fresh
63%
fries
63%
fulls
63%
fixed
62%
flush
62%
fouls
62%
found
62%
foxes
62%
fumes
62%
funds
62%
faxes
61%
feast
61%
filer
61%
flays
61%
fling
61%
frown
61%
fared
60%
fixes
60%
flabs
60%
flare
60%
folly
60%
frank
60%
freak
60%
funky
60%
facet
59%
faint
59%
ferns
59%
flint
59%
flits
59%
floss
59%
flour
59%
folks
59%
froze
59%
flans
58%
fleet
58%
flesh
58%
flier
58%
fluff
58%
front
58%
fruit
58%
faves
57%
fawns
57%
faxed
57%
fever
57%
fixer
57%
flank
57%
flung
57%
forge
57%
forth
57%
frail
57%
ferry
56%
firms
56%
flask
56%
flume
56%
foals
56%
foxed
56%
frets
56%
funks
56%
fazes
55%
firer
55%
flogs
55%
foams
55%
freer
55%
fuzzy
55%
fluke
54%
forty
54%
frays
54%
frier
54%
fazed
53%
fence
53%
flues
53%
frack
53%
fuses
53%
fests
52%
fizzy
52%
fleck
52%
flunk
52%
flyer
52%
fonds
52%
fonts
52%
frill
52%
fused
52%
fancy
51%
farer
51%
fumed
51%
farce
50%
fifth
50%
frats
50%
frock
50%
fuels
50%
fumer
50%
fetch
49%
final
49%
flied
49%
fowls
49%
fudge
49%
fungi
49%
fifty
48%
finks
48%
flirt
48%
focus
48%
feuds
47%
filmy
47%
field
46%
foamy
46%
footy
46%
fiber
45%
flair
45%
faith
44%
fiend
44%
finch
44%
fetes
43%
flams
43%
folky
43%
FALSE
42%
femur
42%
flews
42%
frigs
42%
fibre
41%
fiery
41%
flora
41%
froth
41%
furls
41%
fanes
40%
filth
40%
flout
40%
focal
40%
forky
40%
frags
40%
frits
40%
feign
39%
fifes
39%
flubs
39%
frisk
39%
fuddy
39%
faddy
38%
fauns
38%
feral
38%
filet
38%
flaky
38%
flump
38%
fraps
38%
frond
38%
flail
37%
fella
36%
flaxy
36%
frows
36%
frump
36%
forte
35%
forum
35%
fryer
35%
fatal
34%
fauna
34%
filos
34%
finny
34%
fleer
34%
fuggy
34%
fusty
34%
fetal
33%
firth
33%
foyer
33%
friar
33%
feint
32%
fluid
32%
foray
32%
faffs
31%
fards
31%
farls
31%
feces
31%
felly
31%
fetas
31%
flued
31%
fjord
30%
forgo
30%
fraud
30%
fidos
29%
flaks
29%
faros
28%
felon
28%
femme
28%
feted
28%
forbs
28%
fakir
27%
fecal
27%
ferny
27%
fifer
27%
finis
27%
fount
27%
franc
27%
fecks
26%
feist
26%
fetus
26%
flite
26%
foist
26%
fiats
25%
finos
25%
floes
25%
filch
24%
folio
24%
fifed
23%
folic
23%
fawny
22%
felty
22%
flamy
22%
frizz
22%
fugue
22%
fenny
21%
feres
21%
fille
21%
fitch
21%
facia
20%
fakey
20%
fagot
19%
fetid
19%
fiche
19%
ficus
19%
fidge
19%
forme
19%
fosse
19%
fritz
19%
frosh
19%
fusee
19%
fusel
19%
faery
18%
fatso
18%
festa
18%
firry
18%
fluky
18%
fogey
18%
fudgy
18%
furor
18%
facta
17%
fados
17%
favas
17%
fease
17%
fices
17%
filks
17%
foley
17%
fayed
16%
fiefs
16%
flawy
16%
fondu
16%
forby
16%
fanga
15%
fillo
15%
frise
15%
frons
15%
fadge
14%
firns
14%
fluty
14%
forex
14%
frith
14%
froes
14%
frugs
14%
furze
14%
fuzed
14%
fuzes
14%
farle
13%
femes
13%
flava
13%
fleys
13%
fordo
13%
futon
13%
fanos
12%
farad
12%
fatwa
12%
fezes
12%
flics
12%
flong
12%
foins
12%
folia
12%
freon
12%
fritt
12%
fagin
11%
farcy
11%
farro
11%
fermi
11%
filmi
11%
fiord
11%
fleam
11%
flirs
11%
frass
11%
fungo
11%
farci
10%
feyer
10%
finca
10%
fogie
10%
frere
10%
fujis
10%
fundi
10%
fauve
9%
fedex
9%
feebs
9%
fitly
9%
flocs
9%
flota
9%
fuzee
9%
fatly
8%
feria
8%
fugle
8%
fugus
8%
fanon
7%
faqir
7%
fauld
7%
ferly
7%
fesse
7%
fezzy
7%
fique
7%
fiscs
7%
fluor
7%
foram
7%
fossa
7%
frena
7%
furzy
7%
faugh
6%
feaze
6%
fetor
6%
fiars
6%
fichu
6%
flyby
6%
flyte
6%
fovea
6%
frore
6%
fugal
6%
fakie
5%
filar
5%
fumet
5%
fusil
5%
feeze
4%
fubar
4%
fucus
4%
fugio
4%
felid
3%
ficin
3%
filum
3%
fjeld
3%
fremd
3%
furan
3%
favus
2%
feods
2%
feoff
2%
fixit
2%
fohns
2%
fuzil
2%
fyces
2%
fykes
2%
faena
1%
fanum
1%
feuar
1%
feued
1%
feyly
1%
fluyt
1%
foehn
1%
fubsy
1%
fytte
1%
No matching quizzes found
Score Distribution
Percent of People with Each Score
Percentile by Number Answered
Your Score History
You have not taken this quiz since the last reset